[Event "Tourn. n9330"]
[Site "www.chess-mail.com"]
[Date "2017.05.03"]
[Round "1"]
[White "Sorento"]
[Black "Francesco"]
[WhiteElo "2170"]
[BlackElo "2110"]
[Result "1-0"]
[Round "1"]
1.e4 c6
2.d4 d5
3.Nb1c3 dxe4
4.Nc3xe4 Bc8f5
5.Ne4g3 Bf5g6
6.h4 h6
7.h5 Bg6h7
8.Bf1d3 Bh7xd3
9.Qd1xd3 e6
10.Ng1f3 Bf8d6
11.Bc1d2 Qd8c7
12.Ng3e4 Bd6e7
13.O-O-O Nb8d7
14.Nf3e5 Nd7xe5
15.dxe5 Ra8d8
16.Qd3g3 Be7f8
17.Bd2c3 Ng8e7
18.Ne4d6 { resign }
1-0

[Event "Tourn. n9299"]
[Site "www.chess-mail.com"]
[Date "2017.05.03"]
[Round "1"]
[White "Sozaro"]
[Black "Amaya"]
[WhiteElo "2210"]
[BlackElo "2100"]
[Result "1-0"]
[Round "1"]
1.d4 g6
2.e4 Bf8g7
3.Nb1c3 d6
4.Ng1f3 Ng8f6
5.Bf1e2 O-O
6.O-O Nb8d7
7.e5 dxe5
8.dxe5 Nf6g4
9.e6 fxe6
10.Nf3g5 Nd7f6
11.Be2xg4 Nf6xg4
12.Qd1xg4 e5
13.Qg4c4 e6
14.Ng5xe6 Bc8xe6
15.Qc4xe6 Kh8
16.Rf1d1 Qd8h4
17.Bc1e3 Ra8e8
18.Qe6b3 Re8e7
19.g3 Qh4f6
20.Nc3e4 Qf6c6
21.Be3c5 Qc6xe4
22.Bc5xe7 Rf8e8
23.Qb3f7 Re8g8
24.Be7f6 h5
25.Rd1d8 { resign }
1-0

[Event "Tourn. n9336"]
[Site "www.chess-mail.com"]
[Date "2017.05.03"]
[Round "1"]
[White "Bojan"]
[Black "Mitja"]
[WhiteElo "1960"]
[BlackElo "2020"]
[Result "1-0"]
[Round "1"]
1.g3 d5
2.Bf1g2 c6
3.d4 e6
4.e4 dxe4
5.Bg2xe4 h6
6.c4 Ng8f6
7.Be4f3 Bf8e7
8.Bc1e3 Nb8d7
9.a3 Nd7b6
10.Qd1c2 Nb6d7
11.Nb1c3 Nd7f8
12.b4 Nf8g6
13.Ng1e2 Qd8d7
14.Ra1d1 b6
15.h4 Bc8b7
16.h5 Ng6f8
17.c5 b5
18.g4 Nf6d5
19.Nc3xd5 exd5
20.Be3f4 Nf8e6
21.Bf4h2 a6
22.O-O O-O-O
23.Bf3g2 g6
24.Bg2h3 Rd8g8
25.Ne2g3 Kd8
26.hxg6 fxg6
27.f4 Bb7c8
28.Rd1d2 Kc7
29.a4 Kb7
30.axb5 axb5
31.Rf1a1 Kb8
32.f5 gxf5
33.Ng3xf5 Ne6c7
34.Kh1 Be7g5
35.Qc2a2 Bc8b7
36.Nf5d6 Bg5xd2
37.Qa2a7 { resign }
1-0

[Event "Tourn. n9262"]
[Site "www.chess-mail.com"]
[Date "2017.05.03"]
[Round "1"]
[White "Ffdd65"]
[Black "Ff333"]
[WhiteElo "2130"]
[BlackElo "2140"]
[Result "1-0"]
[Round "1"]
1.e4 e5
2.Ng1f3 Nb8c6
3.d4 exd4
4.Nf3xd4 Qd8f6
5.Bc1e3 Bf8c5
6.c3 Nc6xd4
7.Be3xd4 Bc5xd4
8.cxd4 d6
9.Nb1c3 Ng8e7
10.Bf1e2 c6
11.Be2f3 Ne7g6
12.g3 Bc8h3
13.Qd1d3 O-O
14.Nc3e2 Rf8e8
15.Ne2g1 Bh3e6
16.Bf3g2 Qf6e7
17.Ng1e2 Be6d7
18.O-O d5
19.Ne2c3 dxe4
20.Nc3xe4 Bd7f5
21.Rf1e1 Qe7b4
22.Qd3c3 Qb4xc3
23.Ne4xc3 Re8e6
24.d5 Re6xe1
25.Ra1xe1 cxd5
26.Nc3xd5 Ra8c8
27.h4 h5
28.Bg2f3 Bf5g4
29.Bf3xg4 hxg4
30.h5 Rc8d8
31.hxg6 Kf8
32.Nd5f4 Rd8d2
33.Re1e2 Rd2d1
34.Kg2 f6
35.Nf4e6 Kg8
36.Ne6c5 Kf8
37.Nc5xb7 Rd1d7
38.Nb7c5 Rd7d5
39.Nc5e6 Kg8
40.Re2c2 { resign }
1-0

[Event "Tourn. n9297"]
[Site "www.chess-mail.com"]
[Date "2017.05.03"]
[Round "1"]
[White "Passaroa25"]
[Black "Autmich"]
[WhiteElo "1610"]
[BlackElo "1730"]
[Result "0-1"]
[Round "1"]
1.e4 e5
2.f3 Ng8f6
3.c3 d5
4.Ng1e2 dxe4
5.Ne2g3 exf3
6.Qd1xf3 Nb8c6
7.d3 Bf8e7
8.Nb1d2 O-O
9.Bf1e2 Bc8g4
10.Qf3f2 Rf8e8
11.O-O b6
12.Ng3e4 Nf6xe4
13.Nd2xe4 Bg4e6
14.Bc1e3 Qd8d7
15.b4 f5
16.Ne4g5 f4
17.Be2h5 Re8f8
18.Bh5f7 Be6xf7
19.Ng5xf7 fxe3
20.Nf7h6 gxh6
21.Qf2xe3 Be7g5
22.Rf1xf8 Ra8xf8
23.Qe3e4 Qd7f5
24.h3 Qf5f2
25.Kh1 Nc6e7
26.Qe4xe5 Ne7g6
27.Qe5d5 Kh8
28.Qd5b7 Ng6h4
29.Ra1g1 Bg5e3
30.g3 Qf2xg1

0-1

[Event "Tourn. n9171"]
[Site "www.chess-mail.com"]
[Date "2017.05.03"]
[Round "1"]
[White "Norlavuaram"]
[Black "Claudia"]
[WhiteElo "2160"]
[BlackElo "2140"]
[Result "1-0"]
[Round "1"]
1.e4 c5
2.Ng1f3 d6
3.d4 cxd4
4.Nf3xd4 Ng8f6
5.Nb1c3 e6
6.Bf1c4 a6
7.f3 Qd8c7
8.Bc4b3 Bf8e7
9.Bc1e3 O-O
10.Qd1d2 Nb8c6
11.O-O-O Nc6xd4
12.Be3xd4 b5
13.g4 Rf8d8
14.Kb1 Bc8b7
15.h4 Nf6d7
16.Bd4e3 Nd7c5
17.g5 Nc5xb3
18.axb3 Bb7c6
19.Rh1g1 a5
20.h5 a4
21.bxa4 bxa4
22.g6 Be7f6
23.gxh7 Kxh7
24.Be3g5 Qc7e7
25.Qd2f4 a3
26.Bg5xf6 Qe7xf6
27.Qf4xf6 gxf6
28.b3  { time }
1-0

[Event "Tourn. n9204"]
[Site "www.chess-mail.com"]
[Date "2017.05.03"]
[Round "1"]
[White "Sandokam"]
[Black "Tartan"]
[WhiteElo "2300"]
[BlackElo "2400"]
[Result "1-0"]
[Round "1"]
1.e4 e5
2.Ng1f3 Nb8c6
3.Bf1b5 a6
4.Bb5a4 Ng8f6
5.O-O Bf8e7
6.Rf1e1 b5
7.Ba4b3 O-O
8.c4 bxc4
9.Bb3xc4 Nf6xe4
10.Bc4d5 Ne4c5
11.d4 exd4
12.Nf3xd4 Be7f6
13.Nd4xc6 dxc6
14.Bd5xc6 Ra8b8
15.Nb1c3 Nc5d3
16.Re1f1 Bc8e6
17.Qd1c2 Nd3b4
18.Qc2a4 Nb4xc6
19.Qa4xc6 Rb8b6
20.Qc6f3 Qd8a8
21.Qf3g3 Rb6b4
22.Qg3xc7 a5
23.h3 Rf8c8
24.Qc7g3 h6
25.Rf1e1 Qa8a7
26.Bc1xh6 Rb4xb2
27.Nc3e4 Qa7e7
28.Bh6g5 Bf6xg5
29.Ne4xg5 Qe7f6
30.a3 Rc8c2
31.Ra1c1 Rc2xc1
32.Re1xc1 Be6d7
33.Rc1c7 Rb2d2
34.Rc7a7 Bd7e8
35.Ra7xa5 { resign }
1-0

[Event "Tourn. n9268"]
[Site "www.chess-mail.com"]
[Date "2017.05.03"]
[Round "1"]
[White "Norlavuaram"]
[Black "Francesco"]
[WhiteElo "2090"]
[BlackElo "2030"]
[Result "1/2-1/2"]
[Round "1"]
1.e4 c6
2.d4 d5
3.exd5 cxd5
4.c4 Ng8f6
5.Nb1c3 Nb8c6
6.Ng1f3 Bc8g4
7.cxd5 Nf6xd5
8.Bf1c4 Nd5xc3
9.bxc3 e6
10.O-O Bf8d6
11.Bc1e3 Qd8c7
12.h3 Bg4h5
13.Bc4b3 O-O
14.c4 Bd6f4
15.Rf1e1 Ra8d8
16.g4 Bh5g6
17.Qd1d2 Bf4xe3
18.fxe3 Qc7g3
19.Qd2g2 Qg3xg2
20.Kxg2 Bg6e4
21.Kf2 Rd8d7
22.Nf3d2 Be4g6
23.Ra1d1 Nc6b4
24.Kg2 Rf8d8
25.Kf3 Nb4d3
26.Re1g1 h5
27.Nd2e4 Nd3b4
28.a3 Nb4c6
29.Rd1d2 a6
30.Ne4c5 Rd7c7
{ draw }
1/2-1/2

[Event "Tourn. n9311"]
[Site "www.chess-mail.com"]
[Date "2017.05.03"]
[Round "1"]
[White "Bigrezi"]
[Black "Winston"]
[WhiteElo "1930"]
[BlackElo "1890"]
[Result "1-0"]
[Round "1"]
1.e4 e6
2.d4 d5
3.exd5 exd5
4.Ng1f3 Bf8d6
5.c4 Ng8f6
6.c5 Bd6e7
7.Bf1d3 Nb8c6
8.O-O Bc8g4
9.Bc1e3 Qd8d7
10.Nb1d2 O-O-O
11.Qd1b1 h6
12.b4 a6
13.b5 axb5
14.Bd3xb5 Bg4xf3
15.Nd2xf3 Nf6e4
16.Qb1b2 Qd7g4
17.Bb5xc6 bxc6
18.Ra1b1 Kd7
19.Nf3e5 { resign }
1-0

[Event "Tourn. n9311"]
[Site "www.chess-mail.com"]
[Date "2017.05.03"]
[Round "1"]
[White "Winston"]
[Black "Picifarkinca"]
[WhiteElo "1890"]
[BlackElo "2080"]
[Result "1-0"]
[Round "1"]
1.e4 c5
2.Ng1f3 Nb8c6
3.d4 cxd4
4.Nf3xd4 Ng8f6
5.Nb1c3 e6
6.Bc1g5 Bf8e7
7.Nd4xc6 dxc6
8.Qd1xd8 Be7xd8
9.Bf1e2 e5
10.O-O-O Bc8e6
11.Rd1d2 Bd8e7
12.h3 O-O
13.Rh1d1 { resign }
1-0

[Event "Tourn. n9300"]
[Site "www.chess-mail.com"]
[Date "2017.05.03"]
[Round "1"]
[White "Jpmartinez"]
[Black "Obisporey"]
[WhiteElo "2590"]
[BlackElo "2660"]
[Result "1-0"]
[Round "1"]
1.c4 e5
2.Nb1c3 Bf8b4
3.Qd1c2 Ng8f6
4.Ng1f3 Qd8e7
5.e4 Bb4xc3
6.bxc3 O-O
7.g3 d6
8.Bf1g2 Bc8g4
9.Nf3h4 Nb8c6
10.d3 a6
{ time. }
1-0

[Event "Match"]
[Site "www.echecsemail.com"]
[Date "2017.05.03"]
[Round "1"]
[White "Juodivarnai"]
[Black "Add"]
[WhiteElo "2150"]
[BlackElo "2170"]
[Result "0-1"]
[Round "1"]
1.e4 d6
2.d4 c6
3.Ng1f3 h6
4.Bf1d3 Ng8f6
5.O-O Bc8g4
6.h3 Bg4h5
7.Nb1d2 e6
8.Rf1e1 Nb8d7
9.Nd2f1 e5
10.Nf1g3 Bh5g6
11.Bc1e3 Qd8c7
12.Qd1d2 Bf8e7
13.c3 Nf6h5
14.Ng3xh5 Bg6xh5
15.Nf3h2 g5
16.Nh2g4 Bh5xg4
17.hxg4 Nd7f6
18.f3 Nf6d7
19.Ra1d1 f6
20.dxe5 fxe5
21.Bd3c4 O-O-O
22.Bc4e6 Kb8
23.Qd2c2 h5
24.Qc2a4 Nd7b6
25.Qa4b3 hxg4
26.Be6xg4 d5
27.Be3xb6 axb6
28.exd5 Be7c5
29.Kf1 cxd5
30.Rd1xd5 Rh8h1
31.Ke2 Rh1xe1
32.Kxe1 Rd8h8
33.Rd5d7 Qc7c6
34.Qb3d5 Rh8h1
35.Ke2 Qc6b5
36.c4 Qb5xb2
37.Qd5d2 Qb2b1
38.Qd2c3 Qb1f1
39.Kd2 Qf1d1

0-1

[Event "Match"]
[Site "www.echecsemail.com"]
[Date "2017.05.03"]
[Round "1"]
[White "Iko"]
[Black "Coraza8091"]
[WhiteElo "1630"]
[BlackElo "1570"]
[Result "1-0"]
[Round "1"]
1.e4 e5
2.Ng1f3 Nb8c6
3.Bf1b5 Nc6d4
4.Nf3xd4 exd4
5.b3 Bf8c5
6.O-O Ng8f6
7.Rf1e1 O-O
8.e5 Nf6d5
9.c4 Nd5b6
10.d3 c6
11.Bb5a4 Bc5b4
12.Re1e4 Bb4c3
13.Nb1xc3 dxc3
14.Qd1c2 d5
15.cxd5 Nb6xd5
16.f3 Bc8f5
17.Re4d4 b5
18.Ba4xb5 cxb5
19.a4 b4
20.a5 Bf5e6
21.Ra1a4 Qd8c7
22.a6 Ra8d8
23.Bc1g5 Rd8d7
24.g4 Nd5b6
25.Ra4xb4 Nb6d5
26.Rb4c4 Qc7xe5
27.f4 Qe5e3
28.Qc2f2 Qe3xf2
29.Kxf2 Be6xg4
30.f5 Bg4xf5
31.Ke2 Rf8e8
32.Kd1 f6
33.Bg5f4 Bf5e6
{ time. }
1-0

[Event "Match"]
[Site "www.echecsemail.com"]
[Date "2017.05.03"]
[Round "1"]
[White "Coxyjon"]
[Black "Coxnea"]
[WhiteElo "1679"]
[BlackElo "1389"]
[Result "1-0"]
[Round "1"]
1.c4 e5
2.c5 Bf8xc5
3.Qd1b3 d5
4.Ng1f3 e4
5.Nf3e5 f6
6.Qb3b5 Nb8d7
7.Ne5xd7 Bc8xd7
8.Qb5xc5 c6
9.b3 Ng8e7
10.a4 b6
11.Qc5e3 Ne7f5
12.Qe3c3 a6
13.g4 Nf5h6
14.d4 O-O
15.Bc1xh6 gxh6
16.Rh1g1 b5
17.f4 f5
18.Bf1h3 fxg4
19.Bh3xg4 Rf8xf4
20.Bg4xd7 Kf8
21.Bd7e6 Qd8h4
22.Kd1 Ra8e8
23.Qc3c5 Re8e7
24.Rg1g8 
1-0

[Event "Match"]
[Site "www.echecsemail.com"]
[Date "2017.05.03"]
[Round "1"]
[White "Guidom"]
[Black "Coolant"]
[WhiteElo "1990"]
[BlackElo "2240"]
[Result "0-1"]
[Round "1"]
1.e4 Nb8c6
2.d4 d5
3.e5 f6
4.f4 Bc8f5
5.c3 e6
6.Ng1f3 Bf5e4
7.Bf1b5 a6
8.Bb5xc6 bxc6
9.O-O f5
10.Qd1a4 Qd8d7
11.Nf3g5 Ng8h6
12.h3 c5
13.Qa4xd7 Kxd7
14.Ng5xe4 dxe4
15.Bc1e3 cxd4
16.Be3xd4 c5
17.Bd4e3 Ra8b8
18.b3 Bf8e7
19.Nb1a3 Kc6
20.c4 Nh6f7
21.Ra1d1 Rh8d8
22.Kf2 g5
23.g3 Rd8g8
24.Rf1g1 Rg8g6
25.Na3c2 Rb8g8
26.Ke2 gxf4
27.gxf4 Be7h4
28.Rd1f1 Nf7h8
29.Rg1xg6 Rg8xg6
30.Rf1g1 Rg6xg1
31.Be3xg1 Nh8g6
32.Bg1h2 Bh4d8
33.a3 Ng6h4
34.Bh2g3 Nh4f3
35.b4 Bd8b6
36.h4 h5
37.Nc2e1 Nf3d4
38.Kd2 Bb6d8
39.Bg3f2 Bd8e7
40.Bf2xd4 cxd4
41.Ne1g2 a5
42.Kc2 axb4
43.axb4 Be7xb4
44.Kb3 Bb4e7
45.Kb2 Kc5
46.Kb3 e3
47.Ng2e1 Be7xh4
48.Ne1d3 Kc6
49.Nd3b4 Kd7
50.Kc2 Bh4g3
51.Kd3 Bg3xf4
52.Kxd4 h4
53.Nb4d3 e2
{ resign }
0-1

[Event "Match"]
[Site "www.echecsemail.com"]
[Date "2017.05.03"]
[Round "1"]
[White "Carazo"]
[Black "Billyg"]
[WhiteElo "1610"]
[BlackElo "1670"]
[Result "1-0"]
[Round "1"]
1.e4 e5
2.Ng1f3 d6
3.Bf1c4 Bc8e6
4.Bc4b5 c6
5.Bb5a4 b5
6.Ba4b3 Be6xb3
7.axb3 f6
8.Nb1c3 Ng8e7
9.O-O f5
10.d4 g6
11.Bc1g5 h6
12.Bg5xe7 Bf8xe7
13.d5 fxe4
14.Nc3xe4 Nb8a6
15.Ra1xa6 Qd8d7
16.dxc6 Qd7c8
17.Qd1a1 d5
18.Ne4g3 Be7d6
19.Ra6xa7 Ra8xa7
20.Qa1xa7 O-O
21.Qa7e3 Qc8xc6
22.Qe3xh6 Bd6c7
23.Nf3g5 Rf8f7
24.Ng5xf7 Kxf7
25.Qh6h7 Ke8
26.Qh7h6 Qc6xc2
27.Rf1c1 Qc2d3
28.Rc1xc7 { resign }
1-0

[Event "Match"]
[Site "www.echecsemail.com"]
[Date "2017.05.03"]
[Round "1"]
[White "Bjonil60"]
[Black "Coraza8091"]
[WhiteElo "1410"]
[BlackElo "1490"]
[Result "1-0"]
[Round "1"]
1.Nb1c3 e5
2.e3 Bf8b4
3.Nc3e4 d5
4.Ne4g3 Ng8f6
5.h3 d4
6.e4 Bc8e6
7.a3 Bb4c5
{ time. }
1-0

[Event "1/64 Finale"]
[Site "www.chess-mail.com"]
[Date "2017.05.03"]
[Round "1"]
[White "Momahony"]
[Black "Ff333"]
[WhiteElo "2299"]
[BlackElo "2140"]
[Result "1-0"]
[Round "1"]
1.d4 d5
2.Ng1f3 Ng8f6
3.Bc1f4 e6
4.e3 a6
5.Bf1d3 c5
6.c3 c4
7.Bd3c2 Bf8d6
8.Nf3e5 O-O
9.Nb1d2 Nf6d7
10.Ne5xf7 Rf8xf7
11.Bf4xd6 Nd7f6
12.Bd6g3 Nb8c6
13.f4 Qd8b6
14.Ra1b1 Bc8d7
15.O-O Ra8f8
16.Qd1e2 Nc6e7
17.b3 cxb3
18.axb3 Qb6c7
19.c4 Bd7c8
20.Rf1c1 Qc7a5
21.Bg3e1 Qa5d8
22.Nd2f3 Ne7c6
23.Bc2d3 h6
24.b4 Nc6a7
25.Nf3e5 Rf7c7
26.b5 axb5
27.cxb5 b6
28.Qe2b2 Bc8d7
29.Rc1xc7 Qd8xc7
30.Rb1c1 Qc7b7
31.Qb2b4 Rf8c8
32.Qb4e7 Rc8f8
33.Be1b4 Qb7b8
34.Ne5xd7 Nf6xd7
35.Qe7xd7 Rf8e8
36.Rc1c7 { resign }
1-0

[Event "1/128 Finale"]
[Site "www.chess-mail.com"]
[Date "2017.05.03"]
[Round "1"]
[White "Leonger"]
[Black "Mitja"]
[WhiteElo "2349"]
[BlackElo "2020"]
[Result "1-0"]
[Round "1"]
1.e4 d5
2.exd5 Qd8xd5
3.Nb1c3 Qd5d8
4.Ng1f3 e6
5.Bf1c4 c6
6.d4 h6
7.O-O Ng8f6
8.Bc1f4 Nb8d7
9.Qd1e2 Nd7b6
10.Bc4d3 Nb6d5
11.Nc3xd5 Nf6xd5
12.Bf4d2 Bf8d6
13.Nf3e5 Qd8f6
14.Qe2e4 Bd6xe5
15.dxe5 Qf6e7
16.Kh1 b6
17.f4 Bc8b7
18.f5 exf5
19.Rf1xf5 O-O-O
20.Qe4g4 Kb8
21.Qg4xg7 Rd8f8
22.Ra1f1 Rh8g8
23.Qg7xh6 Bb7c8
24.Qh6d6 Qe7xd6
25.exd6 Bc8xf5
26.Rf1xf5 b5
27.Bd3xb5 cxb5
28.Rf5xd5 Kb7
29.Bd2b4 Rf8d8
30.Rd5xb5 Kc6
31.Rb5f5 Rd8d7
32.Kg1 Rg8e8
33.Kf2 Re8e4
34.c3 Re4xb4
35.cxb4 Kxd6
36.g4 { resign }
1-0

[Event "Eq:Angels of Checkmate-La Taverne : "]
[Site "www.chess-mail.com"]
[Date "2017.05.03"]
[Round "1"]
[White "Huw"]
[Black "Traub"]
[WhiteElo "2290"]
[BlackElo "1350"]
[Result "1-0"]
[Round "1"]
1.e4 c5
2.Nb1c3 Nb8c6
3.b3 e5
4.Bf1c4 Ng8f6
5.Bc1b2 d6
6.Ng1e2 a6
7.a4 Nc6a5
8.Bc4d5 Nf6xd5
9.Nc3xd5 f5
10.d3 Bc8e6
11.Ne2c3 g6
12.Bb2c1 Bf8g7
13.O-O O-O
14.Qd1f3 Na5c6
15.Qf3g3 f4
16.Qg3f3 Nc6d4
17.Qf3d1 f3
18.Bc1e3 fxg2
19.Kxg2 Nd4f3
20.Qd1xf3 Rf8xf3
21.Kxf3 Qd8h4
22.Ke2 Be6g4
23.f3 Bg4h5
24.Rf1f2 Ra8f8
25.Ra1g1 Bg7h6
26.Be3xh6 Rf8xf3
27.Rf2xf3 Qh4xh2
28.Kf1 Bh5xf3
29.Bh6e3 Qh2xc2
30.Ke1 Qc2xd3
31.Rg1g3 Bf3xe4
32.Nd5f6 Kg7
33.Nf6xe4 d5
34.Be3h6 Kxh6
35.Rg3xd3 dxe4
36.Nc3xe4 b6
37.Rd3d6 { resign }
1-0

[Event "Fast Game"]
[Site "www.echecsemail.com"]
[Date "2017.05.03"]
[Round "1"]
[White "Leonger"]
[Black "Motorhead99"]
[WhiteElo "1999"]
[BlackElo "1599"]
[Result "1-0"]
[Round "1"]
1.e4 e5
2.f4 exf4
3.Ng1f3 g5
4.Bf1c4 Nb8c6
5.d4 g4
6.Nf3e5 Nc6xe5
7.dxe5 Qd8h4
8.Ke2 Bf8c5
9.Bc4xf7 Kf8
10.g3 f3
11.Ke1 Qh4e7
12.Bf7xg8 Rh8xg8
13.Nb1c3 Qe7xe5
14.Qd1d5 Qe5xd5
15.Nc3xd5 Bc5b6
16.h3 d6
17.hxg4 Bc8xg4
18.Rh1xh7 f2
19.Kf1 Bg4f3
20.Bc1h6 { resign }
1-0

[Event "Tourn. n9312"]
[Site "www.chess-mail.com"]
[Date "2017.05.04"]
[Round "1"]
[White "Cal"]
[Black "Winston"]
[WhiteElo "1730"]
[BlackElo "1890"]
[Result "1-0"]
[Round "1"]
1.e4 e6
2.a3 d5
3.e5 c5
4.d3 Nb8c6
5.Ng1f3 Qd8b6
6.b3 Bc8d7
7.c3 d4
8.cxd4 Nc6xd4
9.Nf3xd4 cxd4
10.Bc1f4 Ng8e7
11.Nb1d2 Ne7d5
12.Bf4g3 Ra8c8
13.Qd1g4 h5
14.Qg4g5 g6
15.Bf1e2 Bf8e7
16.O-O Be7xg5
17.f4 { time. }
1-0

[Event "Tourn. n9240"]
[Site "www.chess-mail.com"]
[Date "2017.05.04"]
[Round "1"]
[White "Pdebonis"]
[Black "Krystek23"]
[WhiteElo "2450"]
[BlackElo "2320"]
[Result "1-0"]
[Round "1"]
1.d4 Ng8f6
2.c4 g6
3.Nb1c3 Bf8g7
4.e4 d6
5.f3 O-O
6.Bc1e3 e5
7.d5 c6
8.Bf1d3 a6
9.Ng1e2 Nb8d7
10.O-O Nf6e8
11.Qd1d2 c5
12.a3 a5
13.Nc3b5 a4
14.Ne2g3 Kh8
15.Be3g5 Bg7f6
16.Bg5h6 Rf8g8
17.Bh6e3 Nd7b6
18.Nb5c3 Bc8d7
19.Ra1b1 Bf6h4
20.b4 Qd8c7
21.f4 f6
22.bxc5 dxc5
23.fxe5 fxe5
24.Be3g5 Bh4xg5
25.Qd2xg5 Qc7d6
26.Rf1f2 Nb6c8
27.Rb1xb7 Rg8g7
28.Bd3e2 Kg8
29.Be2g4 Bd7xg4
30.Nc3b5 Rg7xb7
31.Nb5xd6 Nc8xd6
32.Qg5xg4 Ne8g7
33.Qg4f3 Nd6f7
34.h4 Rb7b1
35.Rf2f1 Rb1xf1
36.Ng3xf1 Ng7e8
37.Nf1d2 Ne8d6
38.Qf3e3 Ra8c8
39.Qe3c3 Rc8b8
40.Qc3c2 Kg7
41.Qc2xa4 Rb8b2
42.Nd2f3 Rb2b1
43.Kh2 Rb1c1
44.Nf3g5 Rc1xc4
45.Qa4a7 h6
46.Ng5e6 Kf6
47.Ne6xc5 Kg7
48.Qa7c7 g5
49.a4 Rc4b4
50.hxg5 hxg5
51.a5 Kg6
52.a6 Rb4b1
53.a7 Rb1a1
54.Qc7b8 Kh5
55.a8Q Ra1xa8
56.Qb8xa8 Kg4
57.Qa8a3 Kh5
58.Qa3h3 Kg6
59.Qh3e6 Kh5
60.g4 Kh4
61.Kg2 Nd6c4
62.Qe6xf7 Nc4e3
63.Kf3 Ne3xg4
64.Qf7h7 { resign }
1-0

[Event "Tourn. n9243"]
[Site "www.chess-mail.com"]
[Date "2017.05.04"]
[Round "1"]
[White "Orhany24"]
[Black "Norlavuaram"]
[WhiteElo "2220"]
[BlackElo "2130"]
[Result "1-0"]
[Round "1"]
1.e4 e5
2.Ng1f3 Nb8c6
3.d4 exd4
4.Nf3xd4 Bf8c5
5.Nd4xc6 Qd8f6
6.Qd1e2 Qf6xc6
7.Nb1c3 Ng8e7
8.g3 O-O
9.Bf1g2 d6
10.O-O a6
11.Bc1e3 Bc5xe3
12.Qe2xe3 Qc6d7
13.Ra1d1 Qd7e6
14.f4 Ne7c6
15.a3 Qe6h6
16.Nc3d5 Bc8g4
17.Rd1d2 Ra8c8
18.h3 Bg4d7
19.g4 Rf8e8
20.Qe3g3 Nc6e7
21.g5 Qh6e6
22.f5 Qe6e5
23.Qg3xe5 dxe5
24.c4 Ne7xd5
25.cxd5 Bd7b5
26.Rf1c1 f6
27.h4 Re8d8
28.Bg2f1 Bb5xf1
29.Kxf1 Kf7
30.Kf2 Ke7
31.Ke3 Rd8d6
32.Rd2c2 Kd7
33.b4 Kd8
34.a4 Rd6b6
35.Rc2c4 Kd7
36.a5 Rb6d6
37.Rc4c5 Kd8
38.b5 axb5
39.Rc5xb5 Rd6a6
40.Rc1c3 Kd7
41.Rb5xb7 Ra6xa5
42.Rb7b4 Ra5a6
43.Rb4c4 Ra6d6
44.Rc4c6 Rd6xc6
45.Rc3xc6 fxg5
46.hxg5 Rc8e8
47.Kd3 Re8e7
48.Rc6e6 Re7xe6
49.dxe6 Ke7
50.Kc4 h5
51.gxh6 gxh6
52.Kd5 c5
53.Kxe5 h5
54.f6 { resign }
1-0

[Event "Tourn. n9328"]
[Site "www.chess-mail.com"]
[Date "2017.05.04"]
[Round "1"]
[White "Claudia"]
[Black "Sorento"]
[WhiteElo "2200"]
[BlackElo "2100"]
[Result "0-1"]
[Round "1"]
1.d4 Ng8f6
2.c4 g6
3.Nb1c3 d5
4.cxd5 Nf6xd5
5.e4 Nd5xc3
6.bxc3 Bf8g7
7.Bc1g5 c5
8.Ra1c1 cxd4
9.cxd4 O-O
10.Ng1f3 Bc8g4
11.d5 Bg4xf3
12.gxf3 Qd8d6
13.Qd1d2 Nb8d7
 { time }
0-1

[Event "Tourn. n9234"]
[Site "www.chess-mail.com"]
[Date "2017.05.04"]
[Round "1"]
[White "Piriot"]
[Black "Pdebonis"]
[WhiteElo "2360"]
[BlackElo "2450"]
[Result "0-1"]
[Round "1"]
1.Ng1f3 Ng8f6
2.d4 g6
3.Nb1c3 Bf8g7
4.e4 d6
5.Bf1e2 O-O
6.O-O c6
7.a4 Nb8a6
8.a5 Na6c7
9.h3 d5
10.e5 Nf6d7
11.Rf1e1 f6
12.exf6 exf6
13.h4 Rf8e8
14.h5 g5
15.Qd1d3 Nd7f8
16.Bc1d2 Bc8e6
17.Bd2e3 h6
18.Nc3a4 Qd8c8
19.Na4c5 Be6f7
20.Nf3d2 f5
21.Nd2b3 Nf8h7
22.Be3d2 Nh7f6
23.Qd3h3 Nf6e4
24.c3 b6
25.axb6 axb6
26.Ra1xa8 Qc8xa8
27.Re1a1 Qa8c8
28.Nc5xe4 dxe4
29.c4 Bf7e6
30.Qh3h2 f4
31.Bd2xf4 gxf4
32.Qh2xf4 Qc8b8
33.Qf4xe4 Be6f7
34.Qe4g4 Qb8c8
35.Qg4f3 Nc7e6
36.Be2d3 Ne6g5
37.Qf3d1 Qc8e6
38.Bd3f1 Qe6d6
39.Ra1a6 Qd6b4
40.Qd1c2 Ng5e4
41.Ra6a1 Bf7xh5
{ resign }
0-1

[Event "Tourn. n9283"]
[Site "www.chess-mail.com"]
[Date "2017.05.04"]
[Round "1"]
[White "Xkafi"]
[Black "Luban"]
[WhiteElo "2010"]
[BlackElo "2230"]
[Result "0-1"]
[Round "1"]
1.e4 c5
2.Bf1c4 e6
3.d4 cxd4
4.Qd1xd4 Nb8c6
5.Qd4e3 d6
6.c3 Ng8f6
7.h3 Bf8e7
8.f4 a6
9.Bc4b3 O-O
10.g4 d5
11.Nb1d2 e5
12.f5 d4
13.cxd4 Nc6xd4
14.Bb3d1 Be7c5
15.Qe3g3 Rf8e8
16.g5 Nf6xe4
17.Nd2xe4 Nd4xf5
18.Qg3f3 Bc5d4
19.Ng1e2 Ra8b8
20.h4 b5
21.Bd1b3 Kh8
22.Bb3xf7 Re8f8
23.Bf7b3 Bc8b7
24.Bb3c2 Qd8e7
25.Qf3h5 g6
26.Qh5g4 Bb7xe4
27.Bc2xe4 Qe7b4
28.Bc1d2 Qb4xb2
29.Ra1b1 Qb2xa2
30.Rh1h3 Bd4f2
31.Kd1 Qa2a4
32.Rh3b3 Nf5d4
33.Ne2xd4 Bf2xd4
34.Be4d3 Rf8f7
35.h5 Rb8f8
36.hxg6 hxg6
37.Bd3xg6 Rf7f1
38.Bd2e1 Rf1xe1
39.Kxe1 Bd4f2
40.Kd2 Qa4xg4
41.Rb1h1 Kg7
{ resign }
0-1

[Event "Tourn. n9322"]
[Site "www.chess-mail.com"]
[Date "2017.05.04"]
[Round "1"]
[White "Joseph1983"]
[Black "Sorento"]
[WhiteElo "2180"]
[BlackElo "2100"]
[Result "0-1"]
[Round "1"]
1.Ng1f3 f5
2.d3 Ng8f6
3.g3 e6
4.Bc1g5 Bf8e7
5.Nb1d2 O-O
6.Bf1g2 d6
7.O-O h6
8.Bg5xf6 Be7xf6
9.c3 e5
10.e4 Nb8c6
11.Qd1b3 Kh7
12.exf5 Bc8xf5
13.Nf3e1 Ra8b8
14.Nd2e4 Bf6e7
15.f4 d5
16.Ra1d1 dxe4
17.fxe5 Bf5g6
18.Rf1xf8 Qd8xf8
19.d4 Nc6xe5
20.dxe5 Be7c5
21.Kh1 Qf8f2
22.Ne1c2 e3
23.Nc2xe3 Bc5xe3
24.Qb3a4 Rb8d8
25.Rd1f1 Qf2e2
26.e6 Rd8d2
{ resign }
0-1

[Event "Tourn. n9320"]
[Site "www.chess-mail.com"]
[Date "2017.05.04"]
[Round "1"]
[White "Wwgia"]
[Black "Julian"]
[WhiteElo "1900"]
[BlackElo "1970"]
[Result "1-0"]
[Round "1"]
1.d4 d5
2.c4 e6
3.Nb1c3 Ng8f6
4.Bc1g5 Bf8e7
5.Ng1f3 O-O
6.e3 c5
7.Bf1e2 Nb8c6
8.O-O cxd4
9.exd4 Rf8e8
10.c5  { time }
1-0

[Event "Tourn. n9353"]
[Site "www.chess-mail.com"]
[Date "2017.05.04"]
[Round "1"]
[White "Cjood"]
[Black "Caspito"]
[WhiteElo "2050"]
[BlackElo "1870"]
[Result "1-0"]
[Round "1"]
1.e4 e5
2.Ng1f3 Nb8c6
3.Bf1c4 h6
4.c3 Ng8f6
5.Qd1e2 d6
6.d4 exd4
7.cxd4 Bc8g4
8.Nb1d2 Nc6xd4
9.Qe2d3 Nd4xf3
10.gxf3 Bg4e6
11.Bc4xe6 fxe6
12.Qd3b5 Nf6d7
13.Qb5xb7 Bf8e7
14.Qb7b3 Nd7c5
15.Qb3b5 Qd8d7
16.Qb5e2 O-O-O
17.b4 Nc5b7
18.Qe2a6 Kb8
19.Nd2b3 d5
20.Bc1e3 c5
21.bxc5 Qd7c7
22.c6 Nb7d6
23.Nb3c5 Ka8
24.Nc5xe6 Qc7b8
25.c7 Qb8b7
26.cxd8Q Be7xd8
27.Qa6xd6 Qb7b2
28.Qd6xd5 Kb8
29.O-O { resign }
1-0

[Event "Tourn. n9345"]
[Site "www.chess-mail.com"]
[Date "2017.05.04"]
[Round "1"]
[White "Claymil"]
[Black "Cjood"]
[WhiteElo "2070"]
[BlackElo "1870"]
[Result "0-1"]
[Round "1"]
1.c4 g6
2.Nb1c3 Bf8g7
3.g3 c6
4.Bf1g2 e6
5.e3 a6
6.Ng1e2 Ng8f6
7.d4 d5
8.c5 Nb8d7
9.b4 b6
10.O-O b5
11.a4 Bc8b7
12.a5 Qd8e7
13.Bc1b2 O-O-O
14.Ne2f4 g5
15.Nf4d3 h5
16.h3 h4
17.g4 Kb8
18.f4 Bg7h6
19.f5 exf5
20.Rf1xf5 Qe7xe3
21.Kh2 Rd8e8
22.Rf5f3 Qe3xd4
23.Nc3xb5 Nf6xg4
24.hxg4 Qd4xg4
25.Bg2h3 Qg4e4
26.Nb5d6 Qe4e2
27.Qd1xe2 Re8xe2
28.Kg1 Rh8g8
29.Bh3xd7 g4
30.Rf3xf7 g3
31.Nd6xb7 g2
32.Bd7xc6 Bh6e3
33.Kh2 g1Q
34.Kh3 Qg1g3

0-1

[Event "Tourn. n9158"]
[Site "www.chess-mail.com"]
[Date "2017.05.04"]
[Round "1"]
[White "Passaroa25"]
[Black "Hansen"]
[WhiteElo "1600"]
[BlackElo "1580"]
[Result "1/2-1/2"]
[Round "1"]
1.e4 a6
2.c3 e6
3.Ng1e2 Ng8f6
4.Ne2g3 h5
5.d3 Nb8c6
6.Nb1d2 Bf8c5
7.Nd2b3 Bc5b6
8.Bc1e3 Bb6xe3
9.fxe3 d6
10.Bf1e2 g6
11.Qd1d2 a5
12.O-O h4
13.Ng3h1 a4
14.Nb3d4 Nc6e5
15.a3 c5
16.Nd4f3 h3
17.g3 b6
18.Nh1f2 g5
19.Nf3xg5 Bc8a6
20.Qd2c2 d5
21.Qc2xa4 b5
22.Qa4c2 d4
23.exd4 cxd4
24.Ng5xh3 Ra8c8
25.Nh3f4 dxc3
26.bxc3 Qd8d4
27.Kg2 Rc8xc3
28.Qc2d2 Ne5c4
29.Qd2a2 b4
30.dxc4 Nf6xe4
31.Nf2xe4 Qd4xe4
32.Be2f3 Qe4h7
33.Nf4h5 Qh7d3
34.Nh5f6 Kf8
35.axb4 Rc3c2
36.Rf1f2 Rc2xa2
37.Ra1xa2 Ba6xc4
38.Ra2a8 Kg7
39.Bf3e4 Qd3d4
40.Ra8xh8 Kxh8
41.Rf2f3 Bc4e2
42.Rf3f2 Be2d1
43.Be4h7 e5
44.b5 Qd4b6
45.Bh7g8 Qb6b7
46.Kg1 Qb7xb5
47.Bg8xf7 Qb5b4
48.Kg2 Qb4b7
49.Kg1 Qb7xf7
50.Nf6e4 Qf7a7
51.Kg2 Qa7e3
52.Kg1 Qe3xe4
53.h4 Qe4e1
54.Rf2f1 Qe1e3
55.Kg2 Bd1e2
56.Rf1e1 Qe3f3
57.Kh3 Qf3g4
58.Kh2 Be2d3
59.Re1xe5 Kg7
60.Re5g5 Qg4xg5
61.hxg5 Kg6
62.Kh3 Kxg5
63.Kh2 Kg4
64.Kg2 Bd3f5
65.Kh2 Kf3
66.Kg1 Kxg3
67.Kf1 Kf3
68.Ke1 Bf5d3
69.Kd2 Ke4
70.Kc1 Ke3
71.Kb2 Bd3b5
72.Kc3 Ke4
73.Kb4 Bb5d7
74.Kc5 Ke5
75.Kb4 Kd5
76.Kc3 Ke4
77.Kb4 Kd4
78.Kb3 Bd7e6
79.Kb4 Kd3
{ draw }
1/2-1/2

[Event "Tourn. n9321"]
[Site "www.chess-mail.com"]
[Date "2017.05.04"]
[Round "1"]
[White "Osopanda"]
[Black "Crull"]
[WhiteElo "1940"]
[BlackElo "1830"]
[Result "1-0"]
[Round "1"]
1.e4 c5
2.Ng1f3 Nb8c6
3.d4 cxd4
4.Bf1b5 Qd8a5
5.c3 Qa5xb5
6.Nb1a3 Qb5a5
7.O-O e5
{ time. }
1-0